Dodin and the Maly Drama Theatre (Record no. 407)

MARC details
000 -LEADER
fixed length control field 00224 a2200097 4500
020 ## - INTERNATIONAL STANDARD BOOK NUMBER
International Standard Book Number 9780415334624
100 ## - MAIN ENTRY--PERSONAL NAME
Personal name Shevtsova, Maria.
245 ## - TITLE STATEMENT
Title Dodin and the Maly Drama Theatre
260 ## - PUBLICATION, DISTRIBUTION, ETC.
Name of publisher, distributor, etc. Routledge
Date of publication, distribution, etc. 2004.
942 ## - ADDED ENTRY ELEMENTS (KOHA)
Source of classification or shelving scheme Dewey Decimal Classification
Koha item type
Holdings
Withdrawn status Lost status Damaged status Not for loan Collection Home library Current library Shelving location Date acquired Barcode Date last seen Price effective from Koha item type
        Reference Fairview Fairview General stacks 12/04/2014 39999000017977 12/04/2014 12/04/2014 Books